|
|
|
|
| LEADER |
00991nam a22002537a 4500 |
| 001 |
33286 |
| 003 |
BD-DhAAL |
| 005 |
20180709121950.0 |
| 008 |
180709t1998 fr a|||| |||| 00| 0 eng d |
| 999 |
|
|
|c 39630
|d 39630
|
| 020 |
|
|
|a 9782951047211
|
| 040 |
|
|
|a BD-DhAAL
|
| 082 |
|
|
|a 730.92
|2 21
|
| 100 |
|
|
|a Danchin, Laurent
|9 26803
|
| 245 |
|
|
|a Art outsider et folk art des collections de Chicago :
|b outsider and folk art : the Chicago collections /
|c Laurent Danchin and Martine Lusardy
|
| 260 |
|
|
|a Paris :
|b Halle Saint-Pierre,
|c 1998
|
| 300 |
|
|
|a 229 pages :
|b illustrations ;
|c 24 cm
|
| 526 |
|
|
|a ARC
|
| 541 |
|
|
|e 33286
|
| 650 |
|
|
|a Outsider art
|v Exhibitions
|9 26804
|
| 700 |
|
|
|a Lusardy, Martine
|9 26805
|
| 852 |
|
|
|a Department of Architecture
|c General Stacks
|
| 942 |
|
|
|2 ddc
|c BK
|
| 952 |
|
|
|0 0
|1 0
|2 ddc
|4 0
|6 730_920000000000000_DAN
|7 0
|9 63649
|a BRACUL
|b BRACUL
|c GEN
|d 2018-07-09
|l 1
|m 9
|o 730.92 DAN
|p 3010033286
|r 2025-10-14
|s 2025-08-13
|t 1
|w 2018-07-09
|y BK
|x Transferred from ARC to BRACUL on 28/12/2023
|